The Winner's way : a proven method for achieving your personal best in any situation

Bibliographic Details
Main Author: Brill, Pamela
Format: Book
Published: New York : McGraw-Hill Companies, Inc. , 2004
Subjects:

MARC

LEADER 00000cam a2200000 7i4500
001 0000087296
005 20040924.0
020 |a 007142363X 
090 0 0 |a 158.1   |b BRI 
100 1 |a Brill, Pamela 
245 1 4 |a The Winner's way :   |b a proven method for achieving your personal best in any situation   |c Pam Brill 
260 |a New York :   |b McGraw-Hill Companies, Inc. ,   |c 2004 
300 |a 306p. ;   |c 22cm. 
650 0 0 |a Achievement motivation 
650 0 0 |a Motivation (Psychology) 
650 0 0 |a Self-actualization (Psychology) 
650 0 0 |a Success   |x Psychological aspects 
999 |a 00175475   |b BUKU   |c PINJAMAN   |e PERPUSTAKAAN KOMUNITI PETALING JAYA